000 01829nam a2200433 c 4500
999 _c74391
_d74391
003 BLK
005 20221129142220.0
008 180408b bul|||||r ||||||| ||bul||
010 _aKNG00078790000
020 _a978-954-579-634-0
040 _aBLK
041 _aBUL
_cBUL
072 7 _2bullib
_aК
_xКраезнание
072 7 _2bullib
_aРА
_xРусенски автори
080 _aПаметници на културата на историческите периоди. Археологическите паметници. Старини
_b904
_x(497.21-21)
_z904(497.21-21)
100 1 _aЙорданов, Стоян Иванов
_eпърви автор
_9370223
139 _aЙорданов, Стоян Иванов
_bИ 83
245 1 0 _aЧервен - градът на скалите
_cСтоян Иванов Йорданов.
257 _aBGR
260 _bСлавена
_c2007
300 _a48 с.
_bс цв. ил.
_c16Х16 см
380 _a9
490 1 _aБиблиотека Културно-историческо наследство
650 4 _aАрхеологически паметници - Червен, Русенска обл.
_9290265
650 4 _aКрепости, български, средновековни - Червен, Русенска обл.
_9290266
650 4 _aБългария - старини
_9262139
651 4 _aЧервен
_9179772
651 4 _aРусенско
_9179464
653 _aархеологически паметници
653 _aкрепости
653 _aЧервен
653 _aстарини
659 _aК
852 _aЦб І 32767
852 _aК 9/И 83
856 4 _qpdf
856 4 _qpdf
942 _cKNG
_n0
_s1
_01
944 _aCR
_c31.10.2007
_lф /
_kПенка_Димитрова
944 _aED
_c14.11.2014
_lф /
_kЛюдмила_Стоянова
999 _d74391